000 00273nam a2200109Ia 4500
008 230907s9999||||xx |||||||||||||| ||und||
082 _a320.5
_bHEY
245 0 _aPolitical ideologies :
260 _aPalgrave MacMillan,
_bHampshire :
_c2014
300 _a373 p.
942 _cBK
999 _c601507
_d601507